000 00735nam a22002417a 4500
003 UA-OsUOA
001 56399
007 ta
008 20081023b un ||||| |||| 00| 0 ukr d
090 _a82.09(477)
_bІ-18
942 _cBK
040 _aUA-OsUOA
_bukr
_cUA-OsUOA
_dUA-OsUOA
245 _aІван Франко "Зів'яле листя": тексти, матеріали дослідження
_cУпорядкування Салевича П.
300 _a425 с.
955 _a2
041 _aukr
080 _a82.09(477)
020 _a978-966-613-526-4
260 _aЛьвів
_c2007
250 _nВипуск 7
650 7 _a82 Література. Літературознавство
_2UDC
999 _c342484
_d342484